Biblioteca

Historia del cristianismo (Registro nro. 64131)

Detalles MARC
000 -LÍDER
Campo fijo de descripción fija 01365nam a2200337 i 4500
001 - NÚMERO DE CONTROL
Campo de control 768714001
003 - IDENTIFICADOR DEL NÚMERO DE CONTROL
Campo de control CO-MdFUSB
005 - FECHA Y HORA DE LA ULTIMA TRANSACCIÓN
control field 20260123111720.0
007 - CAMPO FIJO DE DESCRIPCIÓN FIJA--INFORMACIÓN GENERAL
Campo fijo de descripción fija ta
008 - ELEMENTOS DE LONGITUD FIJA -- INFORMACIÓN GENERAL
Campo fijo de descripción fija -- Información general 170111s2009 enka gr 00010 spa d
020 ## - NÚMERO INTERNACIONAL NORMALIZADO PARA LIBROS
Número Internacional Normalizado del libro 9780789917867
020 ## - NÚMERO INTERNACIONAL NORMALIZADO PARA LIBROS
Número Internacional Normalizado del libro 0789917866
040 ## - FUENTE DE CATALOGACIÓN
Agencia de catalogación original CO-BoBLA
Idioma de catalogación spa
Agencia que realiza la transcripción CO-MdFUSB
Agencia que realiza la modificación CO-MdFUSB
041 ## - CÓDIGO DE IDIOMA
Código de idioma para texto/pista de sonido o título separado spa
082 04 - NÚMERO DE CLASIFICACIÓN DECIMAL DEWEY
Número de la edición del Dewey 23
Número de clasificación 270
Clave de autor-Numero de item G6439h
100 1# - ASIENTO PRINCIPAL--NOMBRE PERSONAL
Nombre personal González, Justo L.
Fechas asociadas con el nombre 1941-
Término relacionador autor
245 10 - TÍTULO
Título del Material Historia del cristianismo
Parte restante del título - Subtitulo : obra completa desde la era de los mártires hasta la era inconclusa
Mención de responsabilidad, etc. / Justo L. González.
264 #1 - PRODUCCIÓN, PUBLICACIÓN, DISTRIBUCIÓN, MANUFACTURA, Y COPYRIGHT
Lugar de producción, publicación, distribución, manufactura Miami, Florida :
Nombre del productor, publicador, distribuidor Unilit,
Fecha de producción, publicación, distribución, manufactura, o copyright [2009]
264 #4 - PRODUCCIÓN, PUBLICACIÓN, DISTRIBUCIÓN, MANUFACTURA, Y COPYRIGHT
Lugar de producción, publicación, distribución, manufactura Miami, Florida :
300 ## - DESCRIPCIÓN FÍSICA
Extensión 573 páginas :
Otros detalles físicos ilustraciones a color ;
Dimensiones 23 cm.
336 ## - TIPO DE CONTENIDO
Término de tipo de contenido texto
Código de tipo de contenido txt
Fuente rdacontent
337 ## - TIPO DE MEDIO
Fuente rdamedia
Nombre del tipo de medio sin mediación
Código del tipo de medio n
338 ## - TIPO DE SOPORTE
Fuente rdacarrier
Nombre del tipo de soporte volumen
Código Tipo de soporte nc
500 ## - NOTA GENERAL
Nota General Incluye cronologías.
505 ## - NOTA DE CONTENIDO
Nota de contenido con formato preestablecido Tomo I: La era de los mártires. -- La era de los gigantes. -- La era de las tinieblas. -- La era de los altos ideales. -- La era de los sueños frustrados. <br/>Tomo II: La era de los reformadores. -- La era de los conquistadores. -- La era de los dogmas y las dudas. -- La era de los nuevos horizontes. -- La era inconclusa.
563 ## - NOTA DE ENCUADERNACIÓN
Nota de encuadernación Pasta dura
650 #4 - ASIENTO SECUNDARIO DE MATERIA - TERMINO TEMÁTICO
Término temático o nombre geográfico como elemento de entrada Historia del cristianismo.
650 #4 - ASIENTO SECUNDARIO DE MATERIA - TERMINO TEMÁTICO
Término temático o nombre geográfico como elemento de entrada Cristianismo
Subdivisión general Curiosidades y enigmas.
942 ## - TIPO DE MATERIAL (KOHA)
Tipo de Item KOHA Libros General
945 ## - INFORMACIÓN LOCAL DEL REGISTRO
Catalogador JTF-925
Existencias
Estado de Material Estado de Perdido Forma de Clasificación Estado de Dañado No para Préstamo Colección Biblioteca de Origen Biblioteca Permanente Fecha de Adquisición Área Total de Préstamos Total de Renovaciones Signatura Topográfica Código de Barras Última vez visto Última vez Préstado Ejemplar/Existencia Fecha de Remplazo Tipo de Material Prestado
    Dewey Decimal Classification     Colección General Biblioteca FUSBC Biblioteca FUSBC 20/11/2017 HISTORIA DEL CRISTIANISMO 50 15 G 270 G6439hc 28741 18/03/2026 18/10/2025 Ej. 2 20/11/2017 Libros General  
    Dewey Decimal Classification     Colección General Biblioteca FUSBC Biblioteca FUSBC 23/01/2026 HISTORIA DEL CRISTIANISMO 3   G 270 G6439hc 23921 28/03/2026 28/03/2026 Ej. 1 23/01/2026 Libros General 20/04/2026

Biblioteca FUSBC | Teléfono: (57+4) 349 88 10 Ext. 141| WhatsApp (+57) 3005338115 
E-mail: biblioteca@unisbc.edu.co | Calle 76 87-14 Robledo Palenque, Medellín, Colombia

Con tecnología Koha